GUESS KPOP GROUP THROUGH DESCRIPTION - Statistics

General Stats
  • This quiz has been taken 655 times
    637 since last reset
  • The average score is 19 of 48
Answer Stats
Hint Answer % Correct
Tomorrow by Together TXT
92%
A TEEnage Z ATEEZ
83%
I'm Fearless LE SSERAFIM
83%
13 members + 3 teams + 1 group SEVENTEEN
83%
Wandering Children Stray Kids
77%
A Timeless Fashion Item // "new genes" NEWJEANS
71%
Vivid dayZ // clear, intense, and days VIVIZ
71%
Center of Gravity CRAVITY
66%
Neo Culture Technology NCT
61%
Bulletproof Boy Scouts BTS
59%
I Have IVE
58%
Ssensual Images Reminiscent of Powerful and Fascinating
Colored Reds and Classic and Soft Velvet
Red Velvet
58%
Absolute Six AB6IX
55%
A "My Girl" For The Public OH MY GIRL
54%
Exoplanet or Extrasolar Planet EXO
52%
Monsters Who Will Subdue K-POP MONSTA X
48%
Born to Beat BTOB
46%
Neo Culture Technology + the longitude coordinate of
the city of Seoul
NCT 127
43%
NASA's Artemis program // Ancient Greek goddess, Artemis ARTMS
42%
An Icon Representing Korea. iKON
38%
I Will Be It ILLIT
38%
One Group for Archiving Infinite Possibilities for Harmonies P1Harmony
36%
Avatar X Experience aespa
35%
Touch People's hearts 2 times: Once Through the Ears, And
Once Again Through the Eyes.
TWICE
35%
& + 1 // to achieve its dreams by coming together as a group AMPERS&ONE
34%
Become the Signature of the Music Industry cignature
33%
On and Off ONF
33%
The Idol of all Possibilities // "Social, Sonyo, Seoul" tripleS
33%
Cosmic Girls WJSN
32%
Casual, Friendly Boys Approach to the Public BOYNEXTDOOR
29%
Seven People With Good Luck GOT7
29%
A Strong Storm TEMPEST
28%
Twenty-Four-Seven With Us TWS
28%
To Come Together To Connect, Discover and Grow
Together to Form a New Act // "-"
ENHYPEN
26%
They are The Only Boys Who Will Be in the Public's Mind. THE BOYZ
25%
Star to a Young Culture STAYC
24%
Tthe Gathering Of Eight Youths Reaches Eight
Different Apexes
EPEX
22%
Evening's Newest Etoiles // new rising star in the night sky EVNNE
21%
Being Able to Develop And Fill Up with Infinite Possibilities
Without Being Trapped in A Frame
INFINITE
21%
always, always + shining EVERGLOW
16%
Breathe a New Life Into the Music Industry with Their
Music and Charm
KISS OF LIFE
14%
Music Creates New Dream MCND
14%
They Are A Team That Encompasses Not Only Beauty,
But Also Great Talent
BLACKPINK
13%
Child With Infinite Potential BABYMONSTER
9%
When the 11th bell rings in the middle of a purple rain,
something strange happens, where the members lie about
what happened in order to keep the event a secret
Billlie
8%
Convey Love Through Various Colors of Music Purple Kiss
8%
You have everything you want, right? ITZY
7%
The Best Combination For A New Era NMIXX
5%
No matching quizzes found
Score Distribution
Percent of People with Each Score
Percentile by Number Answered
Your Score History
You have not taken this quiz since the last reset